All train stations in Worcestershire - Statistics

General Stats
  • This quiz has been taken 30 times
  • The average score is 14 of 18
Answer Stats
Group Answer % Correct
Kidderminster line Kidderminster
100%
Bromsgrove line Bromsgrove
96%
Bromsgrove line Worcester Shrub Hill
96%
Bromsgrove line Droitwich Spa
91%
Bromsgrove line Worcester Foregate Street
91%
Cotswold line Great Malvern
87%
Cross-City line Redditch
87%
Cotswold line Worcestershire Parkway
87%
Cotswold line Evesham
83%
Cotswold line Malvern Link
83%
Cotswold line Pershore
78%
Bromsgrove line Barnt Green
70%
Cotswold line Honeybourne
70%
Cross-City line Alvechurch
65%
Kidderminster line Hagley
65%
Kidderminster line Hartlebury
61%
Kidderminster line Blakedown
57%
North Warwickshire line Wythall
39%
No matching quizzes found
Score Distribution
Percent of People with Each Score
Percentile by Number Answered
Your Score History
You have not taken this quiz